| 000 | 01206cab a2200277 4500 | ||
|---|---|---|---|
| 001 | WB3522-34 | ||
| 008 | 090401t1999 xxu||||| |||| 00| 0 eng d | ||
| 035 | _a(Sirsi) u93835 | ||
| 041 | _aeng | ||
| 245 | _aProfessional fees under pressure | ||
| 260 | _c1999 | ||
| 350 | _a0 | ||
| 490 |
_aContract Journal _v3 June 1999, 2(1) |
||
| 520 | _aA survey commissioned by Axis into the fees paid by clients for six types of professional service shows that fees have dropped to 'the point of no return' for less able firms. The average fees earned were: architects 4.26%, quantity surveyors 1.89%, project managers 1.71%, mechanical and electrical engineers 1.61%, structural engineers 1.45%, and planning supervisors 0.43%. There was little difference in fees from public and private sector clients. Table giving broad regional breakdown. | ||
| 650 | _aARCHITECTS | ||
| 650 | _aFEES | ||
| 650 | _aMECHANICAL AND ELECTRICAL | ||
| 650 | _aPLANNING SUPERVISORS | ||
| 650 | _aPROJECT MANAGERS | ||
| 650 | _aQUANTITY SURVEYORS | ||
| 650 | _aSALARY SURVEYS | ||
| 650 | _aSTRUCTURAL ENGINEERS | ||
| 690 | _aMANAGEMENT-BUSINESS MANAGEMENT-PROFESSIONAL PRACTICE | ||
| 942 | _n0 | ||
| 948 | _c09/06/1999 | ||
| 999 |
_c59471 _d59471 |
||